| 000 | 00989nam a2200277 i 4500 | ||
|---|---|---|---|
| 003 | EG-GICUC | ||
| 005 | 20260412115312.0 | ||
| 008 | 260412r1971 nyu||||fr|||| 000 0 eng d | ||
| 040 |
_aEG-GiCUC _beng _cEG-GiCUC _dEG-GiCUC _erda |
||
| 082 | 0 | 4 |
_221 _a341.69 _bCA . R |
| 092 | 0 | 4 | _221 |
| 099 | _aLaw1 11 341.69 CA . R 1971 | ||
| 110 |
_aCarnegie Endowment For International Peace _eAuthor. |
||
| 245 | 1 | 0 |
_aReport Of The Conference On Contemporary Problems Of The Law Of Armed Conflicts/ _cCarnegie Endowment For International Peace. |
| 264 |
_aNew York: _bCarnegie Endowment For International Peace , _c1971. |
||
| 300 |
_a119 Pages; _c24 cm. |
||
| 336 |
_2rda content _atext |
||
| 337 |
_2rda media _aComputer |
||
| 338 |
_2rda carrier _aOnline Resource |
||
| 546 | _aText in English | ||
| 650 | 1 | _aPublic International Law | |
| 650 | 1 | _aWar Crimes -- International Law | |
| 856 | 4 | 0 | _uhttps://fll.law.cu.edu.eg/fulltext/bks/B11-09743.pdf |
| 905 | _a59 | ||
| 942 |
_2ddc _cBK _e21 _n0 |
||
| 999 |
_c70194 _d70194 |
||